Les activités mentales (Record no. 16718)

MARC details
000 -LEADER
fixed length control field 00604nam a2200217 4500
008 - FIXED-LENGTH DATA ELEMENTS--GENERAL INFORMATION
fixed length control field b xx# fre u
020 ## - INTERNATIONAL STANDARD BOOK NUMBER
International Standard Book Number 2200267959
020 ## - INTERNATIONAL STANDARD BOOK NUMBER
International Standard Book Number 9782200267957
040 ## - CATALOGING SOURCE
Original cataloging agency LB-BrCRDP
082 ## - DEWEY DECIMAL CLASSIFICATION NUMBER
Classification number 153.21/RIC
100 1# - MAIN ENTRY--PERSONAL NAME
Personal name Richard,Jean-François
130 0# - MAIN ENTRY--UNIFORM TITLE
Language of a work FR
245 10 - TITLE STATEMENT
Title Les activités mentales
Remainder of title De l'interprétation de l'information à l'action
Statement of responsibility, etc. Jean-François Richard
250 ## - EDITION STATEMENT
Edition statement 4e
260 ## - PUBLICATION, DISTRIBUTION, ETC.
Place of publication, distribution, etc. Belgique
Name of publisher, distributor, etc. Armand Colin
Date of publication, distribution, etc. 2004
300 ## - PHYSICAL DESCRIPTION
Extent 428p.;
Dimensions 24cm
490 0# - SERIES STATEMENT
Series statement Collection U
650 ## - SUBJECT ADDED ENTRY--TOPICAL TERM
Topical term or geographic name entry element Psychologie
942 ## - ADDED ENTRY ELEMENTS (KOHA)
Koha item type Books
Holdings
Withdrawn status Lost status Source of classification or shelving scheme Damaged status Not for loan Home library Current library Shelving location Date acquired Total Checkouts Full call number Date last seen Price effective from Koha item type
    Dewey Decimal Classification     مكتب الاعداد والتدريب - الدكوانه مكتب الاعداد والتدريب - الدكوانه Standard Shelving Location 07/28/2016   153.21 RIC 07/28/2016 07/28/2016 Books